01295 a2200193 45000010006000000050017000060080041000230030015000640400040000790800079001192450034001980200018002322640033002503000023002835050629003061000023009357000026009588560117009842166020260407155507.0260407a2004 arg spa dAR-UNSa-BCEJYS aAR-UNSa-BCEJYSbspacAR-UNSa-BCEJYS a336.226.3xImpuestos por el uso de los ingresos. Impuestos al consumo. IVA10aEl impuesto al valor agregado a987-03-0505-9 1aBuenos Aires :bLa Leyc2004 axl, 829 p.c25 cm. a1. Imposición a los consumos - 2. Antecedentes, evolución y características del sistema tributario - 3. Objeto, sujeto y concepto de venta - 4. Perfeccionamiento del hecho imponible y generación del débito fiscal - 5.Exenciones - 6. Base imponible y débito fiscal - 7. Crédito fiscal - 8. Actividades con tratamientos especiales - 9. Alícuotas - 10. Período fiscal de liquidación y saldos de declaración jurada - 11. Categorización frente al impuesto - 12. Explotaciones agropecuarias - 13. Régimen especial para exportadores y actividades similares - 14. Retenciones, percepciones y pagos a cuenta1 aDreiling, Paola E.1 aCáceres, Alberto I.41uhttps://biblioeco.unsa.edu.ar/pmb/images/libros/El Impuesto al Valor Agregado.jpgyImagen de portadaqimage/jpeg